000 00712nam a2200241Ia 4500
003 OSt
005 20221005040242.0
006 a|||||r|||| 00| 0
007 ta
008 221004b |||||||| |||| 00| 0 eng d
020 _a8120804236 (hbk)
_cIndian Rupees 250
024 _a40506
037 _bGift, 24/10/2018,
_cTextual
040 _aCRL
_cCRL
_beng
041 _2eng
_aeng
082 _aTv2:D, J1
100 _aMookerji Radha Kumud
245 0 _aAncient Indian education
_b Brahmanical and buddhist
260 _aDelhi
_bMotilal Banarsidass India
_c1951
650 _aEDUCATION
942 _hTv2:D, J1
_cTEXL
_2cc
999 _c946642
_d946642